Cartilla ICA Bogot ̀2017

Detalles Bibliográficos
Autor principal: Parra Ortiz, Harold Ferney
Formato: eBook
Lenguaje:español
Publicado: Bogot:̀ Editorial Nueva Legislacin̤, 2017
Materias:
Acceso en línea:Acceso restringido

MARC

LEADER 00000nam a22000007a 4500
005 20170902225523.0
007 cr|||| ||||
008 170902s2017 co |||||s|||| 00||0 spa d
020 |a 978-958-56087-0-2 
035 |a 20492 
040 |a vLex 
090 |c 6897  |d 6897 
100 1 |a Parra Ortiz, Harold Ferney 
245 1 0 |a Cartilla ICA Bogot ̀2017  |h [Recurso electrn̤ico] /  |c Harold Ferney Parra Ortiz 
256 |a Servicio en ln̕ea 
260 |a Bogot:̀  |b Editorial Nueva Legislacin̤,  |c 2017 
300 |a 1 recurso electrn̤ico 
506 1 |a Disponible solo en los productos indicados  |d vLex Global  |d vLex Global (Academic Edition, excluding Law Schools)  |d vLex Global (U.S. Academic Edition, Law Schools)  |d vLex Global (U.S. Academic Edition, excluding Law Schools)  |d vLex Global (Academic Edition, Law Schools) 
650 0 4 |a Derecho Mercantil y de la Empresa  |z Colombia 
650 0 4 |a Derecho Fiscal  |z Colombia 
740 0 |a vLex Libros (Servicio en ln̕ea) 
856 4 0 |u http://vlex.com/source/cartilla-ica-bogota-2017-20492  |z Acceso restringido 
942 |c BOOK 
999 0 |a Commercial and Company Law 
999 0 |a Tax Law